Eberhofer Filme - Statistiken

Allgemein
  • Dieses Quiz wurde 44 mal gespielt
  • Das Durchschnittsergebnis liegt bei 6 aus 9
Antwortstatistiken
Erscheinungsjahr Filmtitel % Korrekt
(2016) Schweinskopf al dente
79%
(2013) Dampfnudelblues
74%
(2019) Leberkäsjunkie
69%
(2021) Kaiserschmarrndrama
64%
(2018) Sauerkrautkoma
64%
(2014) Winterkartoffelknödel
64%
(2017) Grießnockerlaffäre
62%
(2022) Guglhupfgeschwader
62%
(2023) Rehragoutrendezvous
59%
Keine übereinstimmenden Quizze gefunden
Verteilung der Resultate
Anzahl Personen mit jedem Resultat
Perzentil nach korrekt beantworteten Fragen
Ihre Resultats-Entwicklung
Sie haben dieses Quiz noch nicht gespielt